LEADER 00928nam a2200229 i 4500 001 000000229311 003 CaOOAMICUS 005 20140507000000.0 008 140507s1911 it u000 u ita u 013 $a208213 040 $aSeMil$bita 100 1 $aMinocchi, Salvatore,$d<1869-1943>.$0(OLS)http://semarc/name/10945 245 10$aMosč e i libri mosaici /$cSalvatore Minocchi. 260 $aGenova :$bA. F. Formiggini,$c1911. 300 $aXVI, 79 p. ;$c21 cm. 490 0 $aBiblioteca di varia coltura ;$v1 600 04$aMosč .$0(OLS)http://semarc/subject/4772 830 0$aBiblioteca di varia coltura ;$v1.$0(OLS)http://semarc/title/30558 850 $aSeMil 852 $aSeMil$W1$xVenegono$y1$m2Z I 61$j179657$B179657$CSeMilBibl$Z2$F190774 $81 996 $6245$aMosč e i libri mosaici$9(OLS)http://semarc/title/328019 996 $6260$aGenova :$bA. F. Formiggini$9(OLS)http://semarc/publisher/35770 LEADER 00994nam a2200229 i 4500 001 000000203635 003 CaOOAMICUS 005 20110702000000.0 008 110702s1941 it u000 u ita u 013 $a182348 040 $aSeMil$bita 100 1 $aSottochiesa, Gino.$0(OLS)http://semarc/name/10752 245 10$aReligiositą di questa guerra /$cGino Sottochiesa. 250 $a2. edizione con l'aggiunta di capitoli su Guerra al Bolscevismo e nuove illustrazioni. 260 $aTorino :$bQuaderni Nazionali,$c1941. 300 $a191 p., [30] p. di tav. :$bill. ;$c17 cm. 500 $aContiene : Appendice ; Bibliografia. 650 4$aGuerra mondiale <1939-1945> - Aspetti religiosi.$0(OLS)http://semarc/subject/36932 850 $aSeMil 852 $aSeMil$W1$xVenegono$y1$m3U II 75$j154129$B154129$CSeMilBibl$Z2$F165020 $81 996 $6245$aReligiositą di questa guerra$9(OLS)http://semarc/title/294993 996 $6260$aTorino :$bQuaderni Nazionali$9(OLS)http://semarc/publisher/51862